Marc Chagall: 1887-1985, la pintura como poesía

Đã lưu trong:
Chi tiết về thư mục
Tác giả chính: Walther, Ingo F (Tác giả)
Tác giả khác: Metzger, Rainer (autor)
Định dạng: Sách
Ngôn ngữ:Tiếng Tây Ban Nha
Được phát hành: Colonia Taschen 1999
Những chủ đề:
Các nhãn: Thêm thẻ
Không có thẻ, Là người đầu tiên thẻ bản ghi này!

MARC

LEADER 00000nam a2200000 a 4500
001 UCM8429
003 CL-VaPUC
008 030314e19990000GW |||||||||||||||||spa|d
082 0 4 |a 759.7  |b WAL  |2 21 
100 0 |a Walther, Ingo F  |e author  |9 474479 
700 |a Metzger, Rainer  |e autor  |9 568591 
245 1 0 |a Marc Chagall: 1887-1985, la pintura como poesía 
300 |a 95 p 
942 |c BK 
945 |d 20030314 00:00:00  |a vberengu 
260 |a Colonia  |b Taschen  |c 1999 
600 0 7 |a CHAGALL, MARC  |2 CL-VaPUC  |9 265562 
650 7 |a PINTURA RUSA  |2 CL-VaPUC  |9 265563 
650 7 |a PINTORES RUSOS  |2 CL-VaPUC  |9 373974 
650 0 |a Surrealismo  |9 265502 
583 |a last modification  |c 20030314 00:00:00  |k Rodrigo Vera 
999 |c 302942  |d 302940 
952 |0 0  |1 0  |4 0  |6 759_700000000000000_WAL_1999  |7 0  |8 A  |9 363792  |a BIBHIS  |b BIBHIS  |d 2019-11-21  |i 3881563  |o 759.7 WAL 1999  |p 3881563  |r 2025-01-20  |w 2019-11-21  |y BK  |k HIS